| 000 | 01558nam a2200373 a 4500 | ||
|---|---|---|---|
| 001 | ebr10103725 | ||
| 003 | CaPaEBR | ||
| 006 | m u | ||
| 007 | cr cn||||||||| | ||
| 008 | 020603s2003 nyu sb 001 0 eng | ||
| 010 | _z 2002074895 | ||
| 020 | _z0333802527 | ||
| 040 |
_aCaPaEBR _cCaPaEBR |
||
| 035 | _a(OCoLC)62689036 | ||
| 043 |
_ae-uk--- _ae-uk-en |
||
| 050 | 1 | 4 |
_aPR428.E56 _bC63 2003eb |
| 082 | 0 | 4 |
_a820.9/353 _221 |
| 100 | 1 |
_aCockcroft, Robert, _d1939- |
|
| 245 | 1 | 0 |
_aRhetorical affect in early modern writing _h[electronic resource] : _brenaissance passions reconsidered / _cRobert Cockcroft. |
| 260 |
_aNew York : _bPalgrave Macmillan, _c2003. |
||
| 300 | _a209 p. | ||
| 504 | _aIncludes bibliographical references (p. 197-203) and index. | ||
| 533 |
_aElectronic reproduction. _bPalo Alto, Calif. : _cebrary, _d2013. _nAvailable via World Wide Web. _nAccess may be limited to ebrary affiliated libraries. |
||
| 650 | 0 |
_aEnglish literature _yEarly modern, 1500-1700 _xHistory and criticism. |
|
| 650 | 0 | _aEmotions in literature. | |
| 650 | 0 |
_aAuthors and readers _zGreat Britain _xHistory _y16th century. |
|
| 650 | 0 |
_aAuthors and readers _zGreat Britain _xHistory _y17th century. |
|
| 650 | 0 |
_aEnglish language _yEarly modern, 1500-1700 _xRhetoric. |
|
| 650 | 0 |
_aRenaissance _zEngland. |
|
| 650 | 0 | _aAffect (Psychology) | |
| 655 | 7 |
_aElectronic books. _2local |
|
| 710 | 2 | _aebrary, Inc. | |
| 856 | 4 | 0 |
_uhttp://site.ebrary.com/lib/rucke/Doc?id=10103725 _zAn electronic book accessible through the World Wide Web; click to view |
| 999 |
_c206388 _d206388 |
||